| 000 | 00419nam a2200145Ia 4500 | ||
|---|---|---|---|
| 008 | 211109s9999||||xx |||||||||||||| ||und|| | ||
| 082 |
_a894.8123 _bMUK-D |
||
| 100 | _aMukundan, M | ||
| 245 | 0 | _aDaivathinte Vikrithikal | |
| 260 |
_bD c Books _aKottayam _c1989 |
||
| 300 | _a348p. | ||
| 630 | _xGENERAL STACK | ||
| 650 |
_aMalayalam Literature _vMalayalam Fiction _xMalayalam NovelsShort StoriesGeneralia |
||
| 942 | _cBOOK | ||
| 999 |
_c47183 _d47183 |
||